| 000 | 00614nam a2200181Ia 4500 | ||
|---|---|---|---|
| 008 | 210719s2019 xx 000 0 und d | ||
| 020 | _a978-81-938785-4-5 | ||
| 041 | _aeng | ||
| 082 | _a307.7 FERO | ||
| 100 | _aFERNANDES (Walter);BARUAH (Joydeep);MILLIK (Augustin) | ||
| 245 | _aOwnership management and alienation:tribal land in northeast India | ||
| 260 |
_aGuwahati _bNorth Eastern Social Research Centre _c2019 |
||
| 300 |
_a174 _bPB |
||
| 365 |
_b150 _cRs |
||
| 650 | _aRural Sociology | ||
| 650 | _aTribal Communities | ||
| 906 | _aalienation:tribal ; India ; land ; management ; northeast ; Ownership | ||
| 999 |
_c215919 _d215919 |
||